East, Central, and South Africa Map Test - Statistics

General Stats
  • This quiz has been taken 310 times
  • The average score is 21 of 32
Answers on the Map
Answers color-coded by a green-red scale on the quiz's map according to % correct below.
 
Answer Stats
Answer % Correct
Ethiopia
78%
Somalia
78%
South Africa
77%
Djibouti
75%
Madagascar
75%
South Sudan
74%
Democratic Republic of Congo
70%
Eritrea
70%
Mozambique
70%
Namibia
70%
Tanzania
70%
Angola
68%
Chad
68%
Lesotho
68%
Uganda
68%
Central African Republic
67%
Kenya
67%
Sao Tome & Principe
67%
Botswana
65%
Zambia
65%
Zimbabwe
64%
Equatorial Guinea
62%
Malawi
62%
Seychelles
62%
Gabon
61%
Mauritius
61%
Rwanda
61%
Cameroon
59%
Eswatini
59%
Republic of Congo
59%
Comoros
58%
Burundi
57%
No matching quizzes found
Score Distribution
Percent of People with Each Score
Percentile by Number Answered
Your Score History
You have not taken this quiz